Dlhodobý hmotný majetok a dlhodobý nehmotný majetok ako predmet účtovníctva v účtovnej jednotke zostavujúcej účtovnú závierku podľa IFRS diplomová práca

Enregistré dans:
Détails bibliographiques
Auteur principal: Prosňáková, Lucia
Collectivité auteur: Fakulta hospodárskej informatiky EU. Katedra účtovníctva a audítorstva
Autres auteurs: Blahušiaková, Miriama, 1980-
Format: Livre
Langue:slovaque
Publié: Bratislava 2020
Tags: Ajouter un tag
Pas de tags, Soyez le premier à ajouter un tag!

MARC

LEADER 00000nbm a2200000 4500
001 0266658
005 20210501141524.2
041 0 |a slo 
044 |a SK 
245 1 0 |a Dlhodobý hmotný majetok a dlhodobý nehmotný majetok ako predmet účtovníctva v účtovnej jednotke zostavujúcej účtovnú závierku podľa IFRS  |b diplomová práca  |c Lucia Prosňáková ; školiteľ: Miriama Blahušiaková 
264 1 |a Bratislava  |c 2020 
300 |a 64 s. 
100 1 |a Prosňáková, Lucia 
700 1 |a Blahušiaková, Miriama, 1980- 
710 2 |a Fakulta hospodárskej informatiky EU. Katedra účtovníctva a audítorstva